000 00736nam a22002175i 4500
001 169787
003 ES-MaACL
005 20250716091813.0
008 081127s1926 fr |||| | fre d
080 _a929 Massenet, Jules
080 _a78 Massenet, Jules
100 1 _aSchneider, Louis.
_9138961
245 1 0 _aMassenet
_b: (1842-1912) /
_cLouis Schneider.
260 _aParis :
_bEugène Fasquelle,
_c1926.
300 _a314 p., [1] h. de lam. retr. ;
_c19 cm.
490 1 _aBibliothèque-Charpentier
600 1 4 _aMassenet, Jules,
_d1842-1912
_9240595
830 0 0 _aBibliothèque Charpentier
_9182245
852 _aES-MaACL
_jE-12282
_9R.190469
_z.- Biblioteca Jacinto Martínez Lacalle
999 _c169787
_d169787